00704nam a2200217Ia 4500001000700000003000500007008004100012010001100053020001800064040000900082082002200091100002100113111007500134245010600209260002900315300001100344503001700355650003300372650004400405700003700449Z_4516CHAP220113s2007 xx 000 0 und d a167591 a0-85199-517-9 cCHAP a636.40892 S9 2007 aQueitsch, Jurgen aSymposium on digestive physiology in pigs (8 : Uppsala, Sweden : 2007) aDigestive physiology of pigs : proceedings of the 8th symposium /ced. by J. E. Lindberg and B. Ogle aMéxico :bCABI,c2007 a394 p. aej.1: 248068 aGanado porcinoxDigestión  aGanado porcinoxFisiologíaxCongresos a1. Lindberg, J. E. II. Ogle, B.